Atlas of eco architecture (Record no. 9780)
[ view plain ]
| 000 -LEADER | |
|---|---|
| fixed length control field | 00273nam a2200109Ia 4500 |
| 008 - FIXED-LENGTH DATA ELEMENTS--GENERAL INFORMATION | |
| fixed length control field | 220112s9999||||xx |||||||||||||| ||und|| |
| 020 ## - INTERNATIONAL STANDARD BOOK NUMBER | |
| International Standard Book Number | 9788492731718 |
| 100 ## - MAIN ENTRY--PERSONAL NAME | |
| Personal name | Sánchez Vidiella, Àlex |
| 245 #0 - TITLE STATEMENT | |
| Title | Atlas of eco architecture |
| 260 ## - PUBLICATION, DISTRIBUTION, ETC. (IMPRINT) | |
| Name of publisher, distributor, etc | Loft Publications |
| 942 ## - ADDED ENTRY ELEMENTS (KOHA) | |
| Source of classification or shelving scheme | |
| Withdrawn status | Lost status | Source of classification or shelving scheme | Damaged status | Koha normalized classification for sorting | Not for loan | Permanent location | Current location | Date acquired | Source of acquisition | Cost, normal purchase price | Full call number | Barcode | Date last seen | Cost, replacement price | Price effective from | Koha item type |
|---|---|---|---|---|---|---|---|---|---|---|---|---|---|---|---|---|
| 720_470000000000000_ALE | BMS College of Architecture, Design and Planning | BMS College of Architecture, Design and Planning | 2022-03-02 | 4 | 2409.75 | 720.47 ALE | AR-UG2365 | 2022-03-02 | 3213.00 | 2022-03-02 | UG Books |